00152 a2200073 45000010005000001000019000052450036000242600018000603035 aS.S.Hayat Khan aThe nation that lost it's soul. abJung pub.c